[Event "WSCC 65 Open 2017"]
[Site "?"]
[Date "2017.11.15"]
[Round "8"]
[White "Lisenko, Alexander V"]
[Black "Primbetov, Marat"]
[Result "1/2-1/2"]
[WhiteElo "2372"]
[BlackElo "2222"]
[PlyCount "25"]
[EventDate "2017.??.??"]
[EventType "swiss"]
[EventCountry "ITA"]
[SourceTitle "Acqui Terme"]
[TimeControl "40/5400+30:1800+30"]

1. c4 Nf6 2. g3 g6 3. Bg2 Bg7 4. Nf3 O-O 5. O-O d6 6. d4 c6 7. Nc3 Bf5 8. Nh4 Be6 9. Qd3 d5 10. c5 Qd7 11. Rd1 Bh3 12. Bh1 Qc8 13. b4 1/2-1/2

[Event "WSCC 65 Open 2017"]
[Site "?"]
[Date "2017.11.15"]
[Round "8"]
[White "Rooze, Jan"]
[Black "Boehnisch, Manfred"]
[Result "1-0"]
[WhiteElo "2314"]
[BlackElo "2285"]
[PlyCount "93"]
[EventDate "2017.??.??"]
[EventType "swiss"]
[EventCountry "ITA"]
[SourceTitle "Acqui Terme"]
[TimeControl "40/5400+30:1800+30"]
[WhiteClock "0:15:07"]
[BlackClock "0:28:27"]

1. Nf3 {[%emt 0:00:00]} d5 {[%emt 0:00:17]} 2. c4 {[%emt 0:00:00]} c6 {[%emt 0:00:13]} 3. e3 {[%emt 0:00:00]} Nf6 {[%emt 0:00:31]} 4. Nc3 {[%emt 0:00:00]} a6 {[%emt 0:02:10]} 5. Qc2 {[%emt 0:08:08]} g6 {[%emt 0:03:11]} 6. d4 {[%emt 0:04:04]} Bg7 {[%emt 0:01:44]} 7. Bd2 {[%emt 0:13:57]} O-O {[%emt 0:04:42]} 8. Rc1 {[%emt 0:06:09]} Bf5 {[%emt 0:27:39]} 9. Bd3 {[%emt 0:01:07]} Bxd3 {[%emt 0:02:43]} 10. Qxd3 {[%emt 0:00:07]} dxc4 {[%emt 0:02:08]} 11. Qxc4 {[%emt 0:00:10]} Nbd7 {[%emt 0:00:39]} 12. O-O {[%emt 0:03:14]} Re8 {[%emt 0:04:51]} 13. Rfd1 {[%emt 0:01:40]} e5 {[%emt 0:01:11]} 14. Ne2 {[%emt 0:12:51]} exd4 {[%emt 0:01:58]} 15. Nexd4 {[%emt 0:03:53]} Ne4 {[%emt 0:00:00]} 16. Be1 {[%emt 0:03:16]} Qe7 {[%emt 0:02:28]} 17. Qb3 {[%emt 0:05:03]} c5 {[%emt 0:03:12]} 18. Ne2 {[%emt 0:00:28]} b5 {[%emt 0:00:41]} 19. Nf4 {[%emt 0:01:22]} c4 {[%emt 0:04:03]} 20. Qc2 {[%emt 0:00:23]} Ndc5 {[%emt 0:01:37]} 21. b3 {[%emt 0:02:32]} cxb3 {[%emt 0:03:31]} 22. axb3 {[%emt 0:00:06]} Qb7 {[%emt 0:00:21]} 23. Bb4 {[%emt 0:03:03]} Rac8 {[%emt 0:00:54]} 24. Qa2 {[%emt 0:02:44]} Red8 {[%emt 0:03:13]} 25. h4 {[%emt 0:04:27]} Rxd1+ {[%emt 0:00:51]} 26. Rxd1 h6 {[%emt 0:00:16]} 27. Nd4 {[%emt 0:04:05]} Be5 {[%emt 0:03:00]} 28. f3 {[%emt 0:03:00]} Nf6 {[%emt 0:03:10]} 29. Qb1 {[%emt 0:03:05]} h5 {[%emt 0:10:57]} 30. Nxg6 {[%emt 0:01:18]} Bxd4 {[%emt 0:04:12]} 31. exd4 {[%emt 0:03:22]} Kg7 {[%emt 0:00:52]} 32. dxc5 {[%emt 0:03:43]} fxg6 {[%emt 0:00:07]} 33. Rd6 {[%emt 0:00:15]} Rc6 {[%emt 0:00:41]} 34. Qd3 {[%emt 0:00:42]} Kf7 {[%emt 0:01:03]} 35. Qd4 {[%emt 0:03:34]} Rxd6 {[%emt 0:00:16]} 36. cxd6 {[%emt 0:00:51]} Qd7 {[%emt 0:00:57]} 37. Bc3 {[%emt 0:01:19]} Ne8 {[%emt 0:00:20]} 38. Qd5+ {[%emt 0:01:03]} Kf8 {[%emt 0:00:40]} 39. Be5 {[%emt 0:01:40]} a5 {[%emt 0:00:20]} 40. Bf4 {[%emt 0:00:25]} Kg7 {[%emt 0:31:56]} 41. Be5+ {[%emt 0:07:24]} Kh7 {[%emt 0:00:00]} 42. Qd3 {[%emt 0:04:40]} a4 {[%emt 0:00:00]} 43. bxa4 {[%emt 0:01:27]} bxa4 {[%emt 0:00:00]} 44. g4 {[%emt 0:00:13]} Ng7 {[%emt 0:00:00]} 45. gxh5 {[%emt 0:01:56]} Nxh5 {[%emt 0:00:00]} 46. Qc2 {[%emt 0:03:35]} Qh3 {[%emt 0:00:00]} 47. Qc7+ {[%emt 0:02:02]} 1-0

[Event "WSCC 65 Open 2017"]
[Site "?"]
[Date "2017.11.15"]
[Round "8"]
[White "Stebbings, Anthony J"]
[Black "Beltz, Robert"]
[Result "0-1"]
[WhiteElo "2301"]
[BlackElo "2158"]
[PlyCount "56"]
[EventDate "2017.??.??"]
[EventType "swiss"]
[EventCountry "ITA"]
[SourceTitle "Acqui Terme"]
[TimeControl "40/5400+30:1800+30"]
[WhiteClock "0:20:16"]
[BlackClock "0:34:23"]

1. e4 {[%emt 0:00:00]} c5 {[%emt 0:01:11]} 2. Nf3 {[%emt 0:00:00]} Nc6 {[%emt 0:00:10]} 3. d4 {[%emt 0:00:00]} cxd4 {[%emt 0:00:08]} 4. Nxd4 {[%emt 0:00:00]} Nf6 {[%emt 0:00:15]} 5. Nc3 {[%emt 0:00:00]} d6 {[%emt 0:00:28]} 6. Bg5 {[%emt 0:00:06]} e6 {[%emt 0:02:12]} 7. Qd2 {[%emt 0:00:25]} Be7 {[%emt 0:01:22]} 8. O-O-O {[%emt 0:00:18]} O-O {[%emt 0:02:46]} 9. Nb3 {[%emt 0:04:09]} a6 {[%emt 0:03:00]} 10. Bxf6 {[%emt 0:12:44]} Bxf6 {[%emt 0:01:38]} 11. Qxd6 {[%emt 0:00:29]} Bxc3 {[%emt 0:01:03]} 12. bxc3 {[%emt 0:10:47]} Qf6 {[%emt 0:05:19]} 13. Qg3 {[%emt 0:06:39]} b5 {[%emt 0:05:01]} 14. f4 {[%emt 0:01:15]} e5 {[%emt 0:01:32]} 15. f5 {[%emt 0:02:45]} Qe7 {[%emt 0:02:24]} 16. Qe3 {[%emt 0:01:24]} Bb7 {[%emt 0:15:37]} 17. Be2 {[%emt 0:02:02]} Rfc8 {[%emt 0:05:59]} 18. Rd5 {[%emt 0:10:07]} Na5 {[%emt 0:01:40]} 19. Nxa5 {[%emt 0:08:15]} Bxd5 {[%emt 0:03:35]} 20. exd5 {[%emt 0:01:07]} Qa3+ {[%emt 0:01:06]} 21. Kd2 {[%emt 0:00:05]} Qxa5 {[%emt 0:00:21]} 22. Qxe5 {[%emt 0:00:40]} Re8 {[%emt 0:02:27]} 23. Qd4 {[%emt 0:01:20]} Rac8 {[%emt 0:01:20]} 24. Bd3 {[%emt 0:03:56]} f6 {[%emt 0:01:14]} 25. a4 {[%emt 0:03:13]} Re5 {[%emt 0:00:42]} 26. axb5 {[%emt 0:00:38]} axb5 {[%emt 0:04:03]} 27. d6 {[%emt 0:05:25]} Qa8 {[%emt 0:01:29]} 28. Qf2 {[%emt 0:05:55]} Qc6 {[%emt 0:02:05]} 0-1

[Event "WSCC 65 Open 2017"]
[Site "?"]
[Date "2017.11.15"]
[Round "8"]
[White "Van Riemsdijk, Herman C"]
[Black "Tarjan, James"]
[Result "1/2-1/2"]
[WhiteElo "2284"]
[BlackElo "2449"]
[Annotator "TA"]
[PlyCount "58"]
[EventDate "2017.??.??"]
[EventType "swiss"]
[EventCountry "ITA"]
[SourceTitle "Acqui Terme"]

{[%evp 31,58,-14,-8,-32,-18,-22,-22,-26,-12,-10,-13,-17,0,0,10,-39,18,12,114,91,111,62,79,0,9,0,105,0,9]} 1. e4 e5 2. Nf3 Nc6 3. Bb5 {[%cal Bf1b5,Bb5a4,Ba4b3][%mdl 32]} a6 4. Ba4 Nf6 5. O-O Be7 6. Re1 b5 7. Bb3 d6 8. c3 O-O 9. h3 Nb8 10. d4 Nbd7 11. Nbd2 Bb7 12. Bc2 Re8 13. Nf1 Bf8 14. d5 c6 15. dxc6 Bxc6 16. Ng3 {C95: Closed Ruy Lopez: Breyer Variation with 10 d4} (16. Bg5 Qe7 17. Ng3 h6 18. Bxf6 Nxf6 {½-½ (20) Cao,S (2502)-Nguyen,A (2455) Kuala Lumpur 2012}) 16... Qc7 {LiveBook: 4 Games} 17. a4 Qb7 18. Qe2 h6 19. Nd2 Nc5 $146 {[%cal Rb5a4]} ({Predecessor:} 19... d5) 20. Nb3 Nxb3 21. Bxb3 d5 22. exd5 Nxd5 23. Nf5 Re6 ({Black should play} 23... b4 $15) 24. axb5 $11 axb5 (24... Bxb5 $11 {remains equal.} 25. Qg4 Rg6) 25. Rxa8 $16 Qxa8 26. Qd3 Rg6 {[#] White must now prevent ...Rxg2+!} 27. Nh4 ({Much worse is} 27. Rxe5 Rxg2+ 28. Kf1 Nf6 $11) (27. g4 $16) 27... Re6 28. Nf5 (28. Rd1 $11) 28... Rg6 $1 {[%cal Rg6g2]} 29. Nh4 ({Don't play} 29. Rxe5 $6 Rxg2+ 30. Kf1 Nb6 $11) (29. g4 $16) 29... Re6 {Precision: White = 35%, Black = 24%.} 1/2-1/2

[Event "WSCC 65 Open 2017"]
[Site "?"]
[Date "2017.11.15"]
[Round "8"]
[White "Shevelev, Arkady"]
[Black "Torre, Eugenio"]
[Result "1-0"]
[WhiteElo "2280"]
[BlackElo "2465"]
[Annotator "TA"]
[PlyCount "101"]
[EventDate "2017.??.??"]
[EventType "swiss"]
[EventCountry "ITA"]
[SourceTitle "Acqui Terme"]

{[%evp 24,101,0,-27,-9,0,-11,-13,-20,-27,-12,-28,-15,-2,-14,-14,-17,-16,-21,-12,-3,-4,0,0,0,0,39,0,31,0,26,0,0,0,0,0,0,0,10,0,0,0,0,0,26,26,26,26,26,26,26,26,26,27,27,12,100,8,917,0,0,0,0,0,0,0,12844,12844,12845,12846,12846,12847,12848,12848,12850,29979,12851,29980,29983,29984]} 1. e4 c5 2. Nf3 Nc6 3. d4 cxd4 4. Nxd4 Nf6 5. Nc3 d6 6. Be3 Ng4 7. Bb5 Nxe3 8. fxe3 Bd7 9. O-O e6 10. Bxc6 bxc6 11. e5 Be7 12. exd6 Bxd6 13. Nf3 {LiveBook: 3 Games. B56: Classical Sicilian: Unusual Lines} (13. Nb3 {is more complex.} Qc7 14. Qh5 g6 15. Qh6 f5 16. Rad1) 13... Bc7 14. Qd4 O-O 15. Rad1 {The position is equal.} Be8 16. Qxd8 {[#]} Bxd8 $146 ({Predecessor:} 16... Rxd8 17. Rxd8 Bxd8 18. Rd1 Bc7 19. Na4 e5 20. Nc5 Bb6 {½-½ (64) Shevelev,A (2348)-Greenfeld,A (2574) Israel 2002}) 17. Na4 c5 18. Nxc5 Bb6 19. Nd7 Bxd7 20. Rxd7 Bxe3+ 21. Kh1 Rfd8 22. Rfd1 Bb6 23. c4 Rxd7 24. Rxd7 Rd8 25. Rxd8+ Bxd8 $14 {[%mdl 4096] Endgame KB-KN} 26. c5 Kf8 27. Nd4 Bf6 28. Nb5 Bxb2 {White must now prevent ...Ke8.} 29. Nxa7 Ke7 30. a4 $1 {[%cal Ra4a5] Threatens to win with a5.} Bc1 {And now ...Kd7 would win.} 31. a5 Be3 32. a6 Bxc5 33. Nc8+ Kd7 34. a7 Bxa7 $1 35. Nxa7 $11 {KN-KP} f5 36. Kg1 g5 37. Kf2 Kd6 38. Nb5+ Ke5 39. h3 h5 {[#]} (39... Kf6 $11 {remains equal.}) 40. Kf3 ({White should try} 40. Ke3 $1 $16) 40... f4 $2 {[%mdl 8192] [#]} (40... Kf6 $11) 41. g4 $2 (41. Kf2 $1 $18 {[%cal Rf2f3] Strongly threatening Kf3.} g4 42. h4) 41... fxg3 $1 42. Kxg3 {KN-K3P} Kf5 43. Nd4+ Ke5 44. Ne2 {aiming for Kf2.} (44. Nb3 {with more complications.} Kf5 45. Nd2 e5 46. Nc4 e4 47. Nd6+) 44... Kf5 $2 {[%mdl 8192]} (44... Ke4 $11) 45. Kf2 $18 e5 46. Ng3+ Kg6 47. Ke3 Kh6 48. Ke4 Kg6 49. Kxe5 h4 50. Ne4 g4 51. hxg4 {Precision: White = 56%, Black = 50%.} 1-0

[Event "WSCC 65 Open 2017"]
[Site "?"]
[Date "2017.11.15"]
[Round "8"]
[White "Malisov, Boris"]
[Black "Balashov, Yuri S"]
[Result "1-0"]
[WhiteElo "2240"]
[BlackElo "2437"]
[Annotator "TA"]
[PlyCount "22"]
[EventDate "2017.??.??"]
[EventType "swiss"]
[EventCountry "ITA"]
[SourceTitle "Acqui Terme"]

{[%evp 9,22,-59,-56,-54,-66,-64,-41,-93,-98,-128,-78,-100,-89,-65,-54]} 1. g3 e5 2. c3 (2. Bg2 d5 3. c4 Nf6 4. cxd5 Nxd5 5. Nc3 Nb6 6. d3 Be7 7. Be3 O-O 8. Rc1 Re8 9. Nf3 Nc6 10. O-O Bf8 11. a3 Nd4 12. Ne4 c6 13. Bg5 f6 14. Nxd4 exd4 15. Bd2 Be6 16. Re1 Bd5 17. Qc2 Qd7 18. b4 Rad8 19. Qb2 {0-1 (73) Nepomniachtchi,I (2767)-Karjakin,S (2785) Doha 2016}) 2... d5 3. d4 Nd7 4. Nf3 $146 {[%cal Bg1f3,Bf3h4,Bh4g2][%mdl 32]} ({Predecessor:} 4. Bg2 c6 5. Nh3 Ngf6 6. O-O Bd6 7. Na3 O-O 8. Nc2 a5 9. a4 Re8 {0-1 (66) Rewitz,P (2202)-Denk,A (2256) Radebeul 2016}) 4... e4 5. Nh4 Nb6 6. f3 {A00: Irregular Openings} Be7 7. Ng2 $1 h5 8. h4 (8. fxe4 $15 h4 9. Qd3) 8... Bd6 $17 9. Kf2 Ne7 10. fxe4 dxe4 11. Nd2 Nf5 {[%mdl 32768] Loss on Time!?} 1-0

[Event "WSCC 65 Open 2017"]
[Site "?"]
[Date "2017.11.15"]
[Round "8"]
[White "Hartung-Nielsen, Jens"]
[Black "Pritchett, Craig W"]
[Result "0-1"]
[WhiteElo "2204"]
[BlackElo "2280"]
[PlyCount "98"]
[EventDate "2017.??.??"]
[EventType "swiss"]
[EventCountry "ITA"]
[SourceTitle "Acqui Terme"]
[TimeControl "40/5400+30:1800+30"]
[WhiteClock "0:19:26"]
[BlackClock "0:20:39"]

1. e4 {[%emt 0:00:00]} c5 {[%emt 0:00:21]} 2. d4 {[%emt 0:00:00]} cxd4 {[%emt 0:00:07]} 3. c3 {[%emt 0:00:00]} d3 {[%emt 0:03:30]} 4. Bxd3 {[%emt 0:00:04]} Nc6 {[%emt 0:01:37]} 5. c4 {[%emt 0:00:17]} g6 {[%emt 0:00:14]} 6. Nf3 {[%emt 0:01:14]} Bg7 {[%emt 0:00:13]} 7. O-O {[%emt 0:00:14]} d6 {[%emt 0:00:56]} 8. h3 {[%emt 0:00:05]} Nf6 {[%emt 0:00:21]} 9. Nc3 {[%emt 0:00:13]} O-O {[%emt 0:00:10]} 10. Be3 {[%emt 0:00:37]} b6 {[%emt 0:02:06]} 11. Qd2 {[%emt 0:03:49]} Bb7 {[%emt 0:05:44]} 12. Rac1 {[%emt 0:06:23]} Rc8 {[%emt 0:00:41]} 13. Bb1 {[%emt 0:05:57]} Nd7 {[%emt 0:07:03]} 14. Bh6 {[%emt 0:02:22]} Nde5 {[%emt 0:10:33]} 15. Nxe5 {[%emt 0:00:19]} dxe5 {[%emt 0:02:44]} 16. Qxd8 {[%emt 0:06:20]} Rfxd8 {[%emt 0:00:59]} 17. Bxg7 {[%emt 0:00:07]} Kxg7 {[%emt 0:00:05]} 18. Rfd1 {[%emt 0:00:40]} Nd4 {[%emt 0:02:35]} 19. Bd3 {[%emt 0:02:37]} e6 {[%emt 0:08:30]} 20. f3 {[%emt 0:06:39]} Kf8 {[%emt 0:03:08]} 21. Kf2 {[%emt 0:05:17]} Ke7 {[%emt 0:00:32]} 22. Bf1 {[%emt 0:08:33]} h5 {[%emt 0:07:06]} 23. h4 {[%emt 0:01:05]} f5 {[%emt 0:02:21]} 24. exf5 {[%emt 0:02:19]} exf5 {[%emt 0:02:44]} 25. Re1 {[%emt 0:02:11]} Kf6 {[%emt 0:00:26]} 26. b3 {[%emt 0:08:11]} Bc6 {[%emt 0:03:54]} 27. Rcd1 {[%emt 0:03:44]} Nc2 {[%emt 0:09:51]} 28. Rxd8 {[%emt 0:00:38]} Rxd8 {[%emt 0:00:06]} 29. Rd1 {[%emt 0:00:21]} Rxd1 {[%emt 0:02:24]} 30. Nxd1 {[%emt 0:00:05]} a5 {[%emt 0:04:13]} 31. Nc3 {[%emt 0:01:18]} e4 {[%emt 0:04:57]} 32. f4 {[%emt 0:09:12]} Ke6 {[%emt 0:03:50]} 33. Ke2 {[%emt 0:01:11]} Kd6 {[%emt 0:02:36]} 34. Kd2 {[%emt 0:00:28]} Nd4 {[%emt 0:01:25]} 35. Nd1 {[%emt 0:01:49]} Kc5 {[%emt 0:01:34]} 36. Kc3 {[%emt 0:07:29]} b5 {[%emt 0:00:52]} 37. Ne3 {[%emt 0:02:50]} b4+ {[%emt 0:01:13]} 38. Kb2 {[%emt 0:06:24]} a4 {[%emt 0:02:34]} 39. bxa4 {[%emt 0:04:00]} Bxa4 {[%emt 0:01:07]} 40. Kc1 {[%emt 0:01:26]} Be8 {[%emt 0:32:59]} 41. Kb2 {[%emt 0:32:17]} Ba4 {[%emt 0:00:00]} 42. Kc1 {[%emt 0:00:00]} Be8 {[%emt 0:00:00]} 43. Kb2 {[%emt 0:00:00]} Bf7 {[%emt 0:00:00]} 44. a3 {[%emt 0:00:00]} bxa3+ {[%emt 0:00:00]} 45. Kxa3 {[%emt 0:00:00]} Ne6 {[%emt 0:00:00]} 46. g3 {[%emt 0:00:00]} Kd4 {[%emt 0:00:00]} 47. Nd5 {[%emt 0:00:00]} Nc5 {[%emt 0:00:00]} 48. Nb6 {[%emt 0:00:00]} e3 {[%emt 0:00:00]} 49. Kb2 {[%emt 0:00:00]} Ne4 0-1

[Event "WSCC 65 Open 2017"]
[Site "?"]
[Date "2017.11.16"]
[Round "9"]
[White "Vaisser, Anatoly"]
[Black "Rooze, Jan"]
[Result "1/2-1/2"]
[WhiteElo "2503"]
[BlackElo "2314"]
[Annotator "TA"]
[PlyCount "79"]
[EventDate "2017.??.??"]
[EventType "swiss"]
[EventCountry "ITA"]
[SourceTitle "Acqui Terme"]

{[%evp 26,79,-18,-33,-19,-25,-19,-39,-21,-43,-51,-87,-75,-79,-93,-68,-83,-81,0,-11,131,20,39,47,140,122,134,141,125,136,133,14,12,16,9,9,13,0,0,0,0,0,2,1,1,0,0,-13,-8,-20,0,0,0,0,0,-1]} 1. d4 Nf6 2. Nf3 e6 3. e3 c5 4. Bd3 d5 5. b3 Nc6 6. O-O Bd6 7. Bb2 O-O 8. Nbd2 b6 9. Ne5 Bb7 {D05: Colle System with ...e6} 10. f4 (10. a3 Ne7 11. f4 Ne4 12. Bxe4 dxe4 13. Ndc4 Bxe5 14. fxe5 cxd4 15. Nd6 Ba6 16. Rf4 d3 17. Rxe4 dxc2 18. Qxc2 {½-½ (38) Forcen Esteban,D (2549)-Granda Zuniga,J (2688) La Roda 2016}) 10... Rc8 11. a3 Ne7 12. Qf3 b5 13. dxc5 Bxc5 14. b4 {LiveBook: 3 Games} Bb6 $1 15. Nb3 Ne4 16. Bd4 Nf5 17. Bxb6 axb6 {[#]} 18. Qe2 $146 d4 19. exd4 Nxd4 20. Nxd4 Qxd4+ 21. Kh1 Rfd8 (21... f6 $6 22. Nf3 $11) (21... Nc3 $1 $17 {[%cal Rc3e2]} 22. Qe1 Rfe8) 22. Rae1 (22. Nf3 $5 {[%cal Rf3d4]} Qd5 23. Qe3 $11) 22... Nf6 {[#]} (22... f5 $11 {remains equal.}) 23. Bxb5 (23. Nxf7 $1 $16 {[%mdl 512]} Bxg2+ (23... Kxf7 24. Qxe6+) 24. Qxg2 Kxf7 25. Rg1 (25. Bxb5 Rc3 $16)) 23... Qc3 24. Bd3 Qxa3 {[#]} ({Better is} 24... Rc7 $14) 25. Nxf7 $1 $16 {[%mdl 512]} Rxd3 (25... Kxf7 26. Qxe6+) 26. cxd3 Qb3 {[#] ...Rc2 is the strong threat.} 27. Ng5 $1 (27. Qxe6 Qxe6 28. Nh6+ (28. Rxe6 Kxf7 29. Rxb6 Bd5 $11) 28... gxh6 $14) 27... Rc2 {[#]} 28. Qxe6+ (28. Qe5 $1 $16 {[%cal Re5b8] Black must now prevent Qb8+.} Bxg2+ 29. Kg1) 28... Qxe6 $11 {The position is equal.} 29. Rxe6 Bxg2+ 30. Kg1 Bxf1 31. Kxf1 {[%mdl 4096] Endgame KRN-KRN} h6 32. Nf3 Nd5 33. f5 Nxb4 34. Ne5 {Threatening mate with Re8+.} Rc8 35. Ng6 Rd8 36. d4 Kh7 37. Kg2 Rd5 ({But not} 37... Rxd4 $2 38. Re8 $18) 38. Ne7 Rxd4 39. Rxb6 Nd5 40. Nxd5 {Precision: White = 35%, Black = 43%.} 1/2-1/2

[Event "WSCC 65 Open 2017"]
[Site "?"]
[Date "2017.11.16"]
[Round "9"]
[White "Sveshnikov, Evgeny"]
[Black "Vogt, Lothar"]
[Result "1/2-1/2"]
[WhiteElo "2480"]
[BlackElo "2398"]
[Annotator "TA"]
[PlyCount "38"]
[EventDate "2017.??.??"]
[EventType "swiss"]
[EventCountry "ITA"]
[SourceTitle "Acqui Terme"]

{[%evp 24,38,47,43,50,13,3,0,18,0,0,0,0,0,0,-2,0]} 1. e4 c5 2. Nf3 d6 3. d4 cxd4 4. Nxd4 Nf6 5. Nc3 g6 6. Be3 Bg7 7. f3 Nc6 8. Qd2 O-O 9. O-O-O d5 10. exd5 Nxd5 11. Nxc6 bxc6 12. Bd4 Nxc3 {B76: Sicilian Dragon: Yugoslav Attack, 9 g4 and 9 0-0-0} (12... Bxd4 13. Qxd4 Qb6 14. Na4 Qc7 15. Bc4 Nb6 16. Bb3 Nxa4 17. Qxa4 c5 18. Rhe1 e6 19. Qe4 Ba6 20. Bxe6 Bb7 21. Bd5 Bxd5 22. Qxd5 Qxh2 {½-½ (41) Caruana,F (2803)-Nakamura,H (2799) Khanty-Mansiysk 2015}) 13. Bxc3 {LiveBook: 3 Games} Qxd2+ 14. Kxd2 Bh6+ $146 {The position is equal.} ({Predecessor:} 14... Rd8+ 15. Bd3 Bf5 16. Bxg7 Bxd3 17. cxd3 Kxg7 18. Rhe1 Rab8 19. b3 Kf8 20. Rc1 {1-0 (69) Nevostrujev,V (2440)-Tugarin,A (2178) Tomsk 2013}) 15. Ke1 Be6 16. Bd3 c5 {[%cal Bc6c5,Bc5c4][%mdl 32]} ({Avoid the trap} 16... Bxa2 $2 17. b3 $16) 17. Kf2 Rab8 18. Rhe1 c4 19. Bf1 Bg7 1/2-1/2

[Event "WSCC 65 Open 2017"]
[Site "?"]
[Date "2017.11.16"]
[Round "9"]
[White "Torre, Eugenio"]
[Black "Barle, Janez"]
[Result "1-0"]
[WhiteElo "2465"]
[BlackElo "2261"]
[Annotator "TA"]
[PlyCount "115"]
[EventDate "2017.??.??"]
[EventType "swiss"]
[EventCountry "ITA"]
[SourceTitle "Acqui Terme"]

{[%evp 10,115,51,8,20,5,18,0,13,7,29,22,46,14,28,10,22,11,26,0,0,0,0,-5,4,4,24,24,25,28,34,22,47,20,27,17,32,6,30,17,14,8,16,6,43,27,36,5,9,6,24,22,26,34,47,29,68,29,43,29,24,36,66,73,81,76,61,68,108,110,100,68,108,111,104,108,111,123,135,141,245,247,250,239,247,226,217,227,252,175,228,203,214,213,243,239,281,262,322,332,444,424,437,400,833,828,824,824]} 1. d4 d5 2. Bf4 e6 3. e3 Bd6 4. Bg3 Bxg3 5. hxg3 Nf6 6. Nf3 {LiveBook: 8 Partien} c5 {D02: Damenbauernspiele} (6... Nbd7 7. c4 dxc4 8. Bxc4 c5 9. Nc3 a6 10. a4 cxd4 11. Qxd4 Qa5 12. g4 e5 13. Qd6 Qb6 14. Qa3 e4 15. Nd2 Qa5 16. g5 Qxg5 17. Ndxe4 Nxe4 18. Nxe4 Qa5+ 19. Kf1 {1-0 (19) Georgiev,K (2627)-Lazic,M (2466) Padova 2015}) 7. c3 Qb6 8. Qb3 O-O $146 {Die Stellung ist ausgeglichen.} ({Vorgänger:} 8... Nc6 9. Nbd2 Bd7 10. Qa3 cxd4 11. exd4 Qa5 12. Qd6 Rc8 13. Bd3 Qb6 14. Qa3 {1-0 (82) Nilsson,A (2211)-Johansson,T (2167) Sweden 2016}) 9. Nbd2 Nbd7 10. Qxb6 axb6 11. Bd3 h6 12. a3 Re8 13. Bb5 Re7 14. Bxd7 Bxd7 15. Ne5 Bb5 16. f4 Rc7 17. g4 Nh7 18. Kf2 f6 19. Nef3 Rf8 20. Kg3 Bd3 21. Rh5 Bg6 22. Rh2 Re8 23. Rah1 Rcc8 24. Re1 Rcd8 25. Kf2 Bd3 26. Nf1 c4 27. Ng3 Ra8 28. Rd1 Ra5 29. Rd2 Rf8 30. Rh1 Rfa8 31. Re1 Rf8 32. Kg1 Rd8 33. Nh1 {[%cal Bg3h1,Bh1f2,Bf2e4][%mdl 32]} g5 34. Nf2 Bg6 35. g3 Kg7 36. e4 dxe4 37. Nxe4 Nf8 38. Rde2 Raa8 39. Nfd2 Rac8 40. Rf1 Nh7 41. Nf2 Rc6 42. Rfe1 Nf8 43. Nf1 Rd7 44. Ne3 h5 (44... gxf4 $16 45. gxf4 Nh7) 45. fxg5 $18 fxg5 46. gxh5 Bxh5 47. Neg4 Rd5 48. Re5 Rcd6 49. Kg2 b5 (49... Be8 $142 50. Nh3 Nh7) 50. R5e3 Rd8 51. Ne5 Nh7 52. Ne4 b6 53. Rf1 Rf8 54. Rxf8 Kxf8 55. g4 Be8 56. Rh3 Kg7 {[#]} (56... Rxe5 $142 57. dxe5 Bc6) 57. Rxh7+ $1 {[%mdl 512]} Kxh7 58. Nf6+ {Precision: Weiß = 54%, Schwarz = 39%.} 1-0

[Event "WSCC 65 Open 2017"]
[Site "?"]
[Date "2017.11.16"]
[Round "9"]
[White "Tarjan, James"]
[Black "Kierzek, Matthias"]
[Result "1/2-1/2"]
[WhiteElo "2449"]
[BlackElo "2252"]
[Annotator "TA"]
[PlyCount "61"]
[EventDate "2017.??.??"]
[EventType "swiss"]
[EventCountry "ITA"]
[SourceTitle "Acqui Terme"]

{[%evp 16,61,0,-16,0,-4,-15,-6,0,-24,-5,-23,-25,-46,-43,-51,-16,-40,-27,-47,2,-50,3,-194,-1,-22,-33,-34,-32,-24,-20,-21,-11,-11,-10,-10,-10,-10,-10,-10,-12,-12,0,-52,-3,-60,-49,-68]} 1. e4 c6 {[%cal Bc7c6,Bc6c5][%mdl 32]} 2. d4 d5 3. e5 Bf5 4. Nf3 e6 5. Be2 Ne7 6. O-O c5 7. Be3 Nec6 8. c3 Nd7 9. a3 {LiveBook: 11 Partien. B12: Caro-Kann (Vorstoß-Variante)} (9. Nbd2 Be7 10. dxc5 Nxc5 11. Nb3 Nd7 12. Nfd4 Ndxe5 13. Nxf5 exf5 14. Nd4 Qd7 15. Nxc6 Nxc6 16. Qb3 d4 17. Rad1 {½-½ (56) Sjugirov,S (2643)-Maletin,P (2584) Olginka 2011}) 9... Be7 10. b4 {[%cal Rb4c5]} cxd4 11. cxd4 {Die Stellung ist ausgeglichen.} O-O 12. Nc3 Rc8 13. Rc1 Nb6 14. Re1 h6 15. h3 $146 ({Vorgänger:} 15. Na4 Nc4 16. Bxc4 dxc4 {0-1 (37) Nun,J (2385)-Meduna,E (2480) Czechia 1995}) 15... a5 16. b5 Nb8 17. Qb3 Nc4 18. Na4 (18. Bxc4 $11 dxc4 19. Qa2) 18... Nd7 (18... Nxa3 $15 19. Rxc8 Qxc8) 19. Nd2 $2 {[#]} (19. Bxc4 $11 {und Weiss muss sich keine Sorgen machen.} Rxc4 20. Rxc4 dxc4 21. Qxc4) 19... Ndb6 $2 (19... Nxa3 $19 {zielt auf ...Lc2 ab.} 20. Bd3 Bxd3 21. Qxd3 Bb4) 20. Nc5 Nxd2 21. Bxd2 Nc4 $1 {[%cal Rc4d2]} 22. Bxc4 dxc4 23. Qe3 Qb6 24. a4 Bxc5 25. dxc5 Qxc5 26. Bxa5 {[#] Schwarz muss nun Dxc5 beachten.} Qxe3 27. Rxe3 Ra8 28. Bb4 Rfd8 29. a5 (29. Ra3 $11) 29... Rd5 30. b6 ({Lieber} 30. Rxc4 $11 Rxb5 31. f4) 30... Bd3 $15 31. Ra1 {Precision: Weiß = 33%, Schwarz = 50%.} 1/2-1/2